Sports Quiz

Random Sports or NFL Quiz

NFL QB/WR Ladder Quiz Stats

 Plays Quiz Updated Oct 31, 2018

Challenge
Share
Tweet
Embed
Score 0/26 Timer 08:00
0 Plays Today
Hint: QBs/WRs Answer: QB/WR % Correct
Which QB threw passes to both of these WRs?
Isaac Bruce (1999-2003 Rams)
Larry Fitzgerald (2005-2009 Cardinals)
Kurt Warner
98.7%
Which WR caught passes from both of these QBs?
Marc Bulger (2002-2008 Rams)
David Garrard (2009 Jaguars)
Torry Holt
79.3%
Which QB threw passes to both of these WRs?
Dante Hall (2002-2006 Chiefs)
Marty Booker (2007 Dolphins)
Trent Green
64.9%
Which QB threw passes to both of these WRs?
Joe Horn (1997-1998 Chiefs)
Tim Brown (1999-2003 Raiders)
Rich Gannon
52.9%
Which WR caught passes from both of these QBs?
Randall Cunningham (1998-1999 Vikings)
Gus Frerotte (2003 Vikings)
Randy Moss
52.9%
Which QB threw passes to both of these WRs?
Sterling Sharpe (1992-1994 Packers)
Sidney Rice (2009-2010 Vikings)
Brett Favre
46.1%
Which WR caught passes from both of these QBs?
Wade Wilson (1990-1991 Vikings)
Warren Moon (1994-1996 Vikings)
Cris Carter
45.3%
Which WR caught passes from both of these QBs?
Brian Griese (2003 Dolphins)
Philip Rivers (2007-2009 Chargers)
Chris Chambers
43.7%
Which QB threw passes to both of these WRs?
Troy Brown (1995-2001 Patriots)
Terrell Owens (2006 Cowboys)
Drew Bledsoe
39.1%
Which QB threw passes to both of these WRs?
Wes Welker (2006 Dolphins)
Roy E. Williams (2008 Lions)
Daunte Culpepper
36.9%
Which QB threw passes to both of these WRs?
Cris Collinsworth (1984-1988 Bengals)
Art Monk (1994 Jets)
Boomer Esiason
33.5%
Which QB threw passes to both of these WRs?
Santana Moss (2001-2003 Jets)
Steve Smith (2007 Panthers)
Vinny Testaverde
30.9%
Which QB threw passes to both of these WRs?
Keenan McCardell (2002-2003 Buccaneers)
Miles Austin (2007-2008 Cowboys)
Brad Johnson
23.8%
Hint: QBs/WRs Answer: QB/WR % Correct
Which QB threw passes to both of these WRs?
Muhsin Muhammad (1996-1998 Panthers)
Jerry Rice (2004 Raiders)
Kerry Collins
22.5%
Which QB threw passes to both of these WRs?
Andre Reed (1998-1999 Bills)
David Boston (2003 Chargers)
Doug Flutie
21.3%
Which QB threw passes to both of these WRs?
Haywood Jeffires (1995 Oilers)
Tony Martin (1998, 2001 Falcons)
Chris Chandler
18.7%
Which QB threw passes to both of these WRs?
Steve Largent (1981-1989 Seahawks)
Herman Moore (1994 Lions)
Dave Krieg
18.3%
Which WR caught passes from both of these QBs?
Neil O'Donnell (1996-1997 Jets)
Jake Delhomme (2006 Panthers)
Keyshawn Johnson
17.6%
Which WR caught passes from both of these QBs?
Chris Miller (1990-1993 Falcons)
Elvis Grbac (1997-1999 Chiefs)
Andre Rison
16.4%
Which WR caught passes from both of these QBs?
Mark Brunell (2004 Redskins)
Carson Palmer (2009 Bengals)
Laveranues Coles
15.9%
Which WR caught passes from both of these QBs?
Tom Brady (2001 Patriots)
Tony Romo (2006 Cowboys)
Terry Glenn
15.3%
Which WR caught passes from both of these QBs?
Ken O'Brien (1990-1992 Jets)
Jake Plummer (1997-1999 Cardinals)
Rob Moore
12.8%
Which WR caught passes from both of these QBs?
Jim Kelly (1996 Bills)
Vince Young (2007 Titans)
Eric Moulds
11.7%
Which WR caught passes from both of these QBs?
Tommy Kramer (1985-1989 Vikings)
Jim McMahon (1993 Vikings)
Anthony Carter
9.1%
Which WR caught passes from both of these QBs?
Dan Marino (1993-1995 Dolphins)
Mark Rypien (1996 Eagles)
Irving Fryar
9%
Which WR caught passes from both of these QBs?
Bobby Hebert (1994-1996 Falcons)
Michael Vick (2001 Falcons)
Terance Mathis
8.3%

You're not logged in!

Compare scores with friends on all Sporcle quizzes.
OR
Log In

You Might Also Like...

Show Comments

Extras

Top Quizzes Today


Score Distribution

Your Account Isn't Verified!

In order to create a playlist on Sporcle, you need to verify the email address you used during registration. Go to your Sporcle Settings to finish the process.

Report this User

Report this user for behavior that violates our Community Guidelines.

Details: